Upside-Down US States - No Outlines Minefield Quiz Stats

 Plays Quiz Updated Aug 28, 2017

Score 0/50 Timer 06:00
129 Plays Today
% Correct
???
35.9%
???
35.8%
???
35.8%
???
35.6%
???
35.5%
???
35.4%
???
35.2%
???
34.6%
???
34.3%
???
33.6%
???
32%
???
31.6%
???
31.5%
???
31.3%
???
31.2%
???
30.8%
???
30.4%
???
29.6%
???
27.9%
???
27.7%
???
27.6%
???
27.5%
???
27.2%
???
26.9%
???
26.9%
% Correct
???
26.7%
???
26.1%
???
25.7%
???
25.7%
???
25.5%
???
25.1%
???
25.1%
???
23.6%
???
23.2%
???
22.8%
???
22.6%
???
21.9%
???
21.9%
???
21.9%
???
21.2%
???
21.2%
???
21.1%
???
21.1%
???
21.1%
???
20.5%
???
20.3%
???
20.2%
???
19.7%
???
19.1%
???
19%

You're not logged in!

Compare scores with friends on all Sporcle quizzes.
OR
Log In

You Might Also Like...

Show Comments

Extras

Top Quizzes Today


Score Distribution

Your Account Isn't Verified!

In order to create a playlist on Sporcle, you need to verify the email address you used during registration. Go to your Sporcle Settings to finish the process.

Report this User

Report this user for behavior that violates our Community Guidelines.

Details: